000 00898na a2200277 4500
001 13600
003 MIRAKIL
005 20181213155244.0
008 160817b tu 000 0
035 _a13600
040 _aMilas
_btur
_cTR-AnCHP
082 _aATA 923.156
_bA72n 1987
090 _aATA 923.156 A72n 1987
100 _aAtatürk, Mustafa Kemal
_d1881-1838
245 _aNutuk
_cMustafa Kemal Atatürk ; hazırlayan: Ahmet Köklügiller
250 _a8. bs.
260 _aİstanbul
_bMilliyet Yayınları
_c1987
300 _a160 s.
_c20 sm.
490 _aYardımcı Kitaplar
_v3
600 _aAtatürk, Mustafa Kemal
_d1881-1938
_xSöylev ve demeçler
600 _aAtatürk, Mustafa Kemal
_d1881-1938
_xSiyasal ve sosyal görüşler
650 _aAtatürk devrimleri
_zTürkiye
651 _aTürkiye
_xSiyaset ve yönetim
700 _aKöklügiller, Ahmet
942 _2ddc
_cBKS
999 _c9367
_d9367